| 000 | 00754nam a2200181 i 4500 | ||
|---|---|---|---|
| 001 | 190571 | ||
| 003 | ES-MaACL | ||
| 005 | 20230906223800.0 | ||
| 008 | 211026s2021 sp a 000 0 spa d | ||
| 100 | 1 |
_aMartínez Pastor, José. _9173723 |
|
| 245 | 1 | 4 |
_aLos pueblos olvidados de la provincia de Cuenca : _bdescripción breve : noticias recogidas y ordenadas sobre Horcajada de la Torre / _cJosé Martínez Pastor. |
| 246 | 3 | _aNoticias recogidas y ordenadas sobre Horcajada de la Torre | |
| 260 |
_a[Madrid : _bJ. Martínez Pastor, _c2021] |
||
| 300 |
_a80 p. : _bil. ; _c21 cm. |
||
| 651 | 4 |
_aHorcajada de la Torre. _9173724 |
|
| 651 | 4 |
_aCuenca (Provincia)- _xHistoria. _9153467 |
|
| 852 | 4 |
_aES-MaACL _jC-31562 _z - Dedicatoria autógrafa del autor |
|
| 999 |
_c190571 _d190571 |
||